| 000 | 00483 a2200169 4500 | ||
|---|---|---|---|
| 003 | OSt | ||
| 005 | 20231121121009.0 | ||
| 008 | 231121b |||||||| |||| 00| 0 eng d | ||
| 020 | _a9788187134060 | ||
| 040 | _coclc | ||
| 082 |
_a570 _bPAD/B |
||
| 100 |
_aPadmini, E _95010 |
||
| 245 |
_aBiochemical Calculations and Biostatistics / _cE Padmini |
||
| 260 |
_aKolkata: _bBooks and allied, _c2015. |
||
| 300 | _a304p | ||
| 942 |
_2ddc _cBK _h570 _iPAD/B _k570 _mPAD/B |
||
| 999 |
_c43682 _d43682 |
||